Movies Quiz

Random Movies or Actress Quiz

5 by 5 Movies by Actress Quiz Stats

 Plays Quiz Updated Mar 9, 2018

Score 0/25 Timer 05:00
12 Plays Today
Hint Answer % Correct
Julie AndrewsThe Sound of Music
94.5%
Mary Poppins
92.2%
Julia RobertsPretty Woman
91.6%
Meryl StreepThe Devil Wears Prada
91.1%
Halle BerryCatwoman
90.1%
Mamma Mia!
84.6%
Gravity
83.3%
Speed
82.7%
Sandra BullockThe Blind Side
80.2%
Miss Congeniality
77.1%
X Men: The Last Stand
73.7%
The Iron Lady
73.3%
The Princess Diaries
71.9%
Hint Answer % Correct
Erin Brockovich
69.6%
Out of Africa
60.8%
Notting Hill
58.3%
Eat Pray Love
52.4%
Victor Victoria
48.8%
Sophie's Choice
45.5%
Monster's Ball
42.6%
Robots
41.6%
Steel Magnolias
40.5%
Die Another Day
39.7%
The Heat
36.8%
Despicable Me
32.8%

You're not logged in!

Compare scores with friends on all Sporcle quizzes.
OR
Log In

Sporcle TV

Today on Sporcle TV


Watch our educational content, quiz creation guides, and fun videos on Sporcle TV.

Show Comments

Extras

Top Quizzes Today


Score Distribution

Your Account Isn't Verified!

In order to create a playlist on Sporcle, you need to verify the email address you used during registration. Go to your Sporcle Settings to finish the process.

Report this User

Report this user for behavior that violates our Community Guidelines.

Details: